Foreign capital in Latin America / (Registro nro. 8153)

Detalles MARC
000 -LEADER
fixed length control field 02464nam a2200265Ia 4500
003 - CONTROL NUMBER IDENTIFIER
control field OSt
005 - DATE AND TIME OF LATEST TRANSACTION
control field 20210727140917.0
008 - FIXED-LENGTH DATA ELEMENTS--GENERAL INFORMATION
fixed length control field 210310t1994 eu ad gr 000 0 eng d
020 ## - INTERNATIONAL STANDARD BOOK NUMBER
International Standard Book Number 0940602776
040 ## - CATALOGING SOURCE
Original cataloging agency CO-JMCR
Transcribing agency CO-JMCR
041 0# - LANGUAGE CODE
Language code of text/sound track or separate title eng
082 04 - DEWEY DECIMAL CLASSIFICATION NUMBER
Classification number 332.673098 /
Item number O151f
Edition number 23
100 1# - MAIN ENTRY--PERSONAL NAME
Personal name Ocampo, Jose Antonio,
9 (RLIN) 6129
Relator term editor
245 10 - TITLE STATEMENT
Title Foreign capital in Latin America /
Statement of responsibility, etc. Jose Antonio Ocampo, Roberto Steiner, editors
260 ## - PUBLICATION, DISTRIBUTION, ETC.
Place of publication, distribution, etc. Washington :
Name of publisher, distributor, etc. Banco Interamericano de Desarrollo,
Date of publication, distribution, etc. ©1994
300 ## - PHYSICAL DESCRIPTION
Extent 247 páginas :
Other physical details ilustraciones y gráficas a blanco y negro ;
Dimensions 23 cm.
500 ## - GENERAL NOTE
General note Incluye notas a pie de página.
504 ## - BIBLIOGRAPHY, ETC. NOTE
Bibliography, etc. note Bibliografía al final de cada capítulo.
505 0# - FORMATTED CONTENTS NOTE
Formatted contents note <br/><br/>
Title Foreign Capital in Latin America: An Overview /<br/>
Statement of responsibility José Antonio Ocampo, Roberto Steiner
Title External Capital Flows to Argentina / <br/><br/>
Statement of responsibility José María Fanelli, Mario Damill<br/>
Title Chile: The Origins and Consequences of External Capital / <br/>
Statement of responsibility Manuel R. Agosin, J. Rodrigo Fuentes, Leonardo Letelier
Title The Macroeconomic Effects of External Capital: Colombia / <br/><br/>
Statement of responsibility Mauricio Cárdenas S., Felipe Barrera O.
Title Financial Markets and Capital Flows in Mexico / <br/><br/>
Statement of responsibility Jaime Ros
520 3# - SUMMARY, ETC.
Summary, etc. In the early 1990s, foreign capital flowed into some Latin American countries in quantities not witnessed for over a decade. Argentina, Chile, Colombia and Mexico experienced particularly large inflows. Foreign Capital in Latin America measures the economic impact of capital inflows in these four countries, with an emphasis on the effect of market-oriented financial and exchange policies. Macroeconomic management of the flows is evaluated by analyzing the role of the real exchange rate, sterilization efforts, the use of direct controls, and other economic policies. Finally, the country studies examine how expanded capital resources affect investment, which greatly determines to what extent such inflows contribute to economic growth. Since the country studies demonstrate there is no single formula for managing increased capital flows, a principal recommen dation of Foreign Capital is that countries develop policies that are specific to the type of resources involved and provide for their efficient absorption, without contributing to macroeconomic instability.
650 14 - SUBJECT ADDED ENTRY--TOPICAL TERM
Topical term or geographic name entry element Historia económica
9 (RLIN) 16480
Geographic subdivision América Latina
650 24 - SUBJECT ADDED ENTRY--TOPICAL TERM
Topical term or geographic name entry element Inversiones extranjeras
Geographic subdivision América Latina
9 (RLIN) 38786
700 1# - ADDED ENTRY--PERSONAL NAME
Personal name Steiner, Roberto,
Relator term editor
9 (RLIN) 7310
942 ## - ADDED ENTRY ELEMENTS (KOHA)
Source of classification or shelving scheme Dewey Decimal Classification
Koha item type Books
Existencias
Withdrawn status Lost status Source of classification or shelving scheme Damaged status Not for loan Collection code Home library Current library Date acquired Source of acquisition Total Checkouts Full call number Barcode Date last seen Date last checked out Copy number Koha item type
    Dewey Decimal Classification     Non-fiction Biblioteca Pública José María del Castillo y Rada Biblioteca Pública José María del Castillo y Rada 04/15/2018 Donación 1 332.673098 / O151f 430003269 05/16/2024 01/26/2024 Ej.1 Books